| 000 | 01131cam a2200349 i 4500 | ||
|---|---|---|---|
| 001 | 0000660 | ||
| 003 | DO-SdBNP | ||
| 005 | 20231020135034.0 | ||
| 007 | 0000660 | ||
| 008 | 100514s2003 mx 000 f spa | ||
| 015 | _a | ||
| 017 |
_a _b |
||
| 020 | _a9681912306 | ||
| 035 | _a | ||
| 040 |
_aBPMSU _bspa _cBPMSU _e |
||
| 080 | _a | ||
| 082 | 4 |
_a158.24 _bC284n 2003 _222 |
|
| 100 | 1 | _aCarlson, Richard | |
| 245 | 1 | 0 |
_aNo te ahogues en un vaso de agua: _b la familia en armonía, evita que la rutina controle tu vida y atesora el cariño de tus seres queridos / _cRichard Carlson ; traducción Martín Mohedano Caballero |
| 260 |
_aMéxico : _bAlamah, _c2003. |
||
| 300 |
_a225 p.; _c19 cm |
||
| 490 | 0 | _aAutoayuda | |
| 500 | _aIncluye datos biográficos del autor. | ||
| 534 |
_aTítulo original : _tDon´t sweat the small stuff with your family |
||
| 590 | _aInventariado, 2023/VM | ||
| 650 | 4 | _aSatisfacción familiar | |
| 650 | 4 | _aCalidad de vida familiar | |
| 650 | 4 | _aRelaciones familiares | |
| 700 | 1 |
_aMohedano Caballero, Martín _etrad. |
|
| 910 | _aVMateo V. Control de calidad. BPMSU | ||
| 942 |
_2ddc _cBK |
||
| 999 |
_c11332 _d11332 |
||